000 01036cam a2200277 4500
001 J1017
008 090401t1992 xxu||||| |||| 00| 0 eng d
035 _a(Sirsi) u41451
041 _aeng
050 _a333.332
110 _aRoyal Institution of Chartered Surveyors
_94900
245 _aMortgage valuation : guidance for valuers. - 1 June 1992 (amended September 1992).
250 _aRevised ed.
260 _aLondon
_bRICS Books
_c1992
300 _a(8)p. ; 21x10cm.
350 _a0
520 _aSUPERSEDED: Replaced by Revised edition 1995. Paragraph 5 of Model Conditions of Engagement has been amended to make provision for the resolution of disputes in Scottish courts where the valuation is of a property in Scotland.
650 _aMODEL CONDITIONS OF ENGAGEMENT
650 _aMORTGAGE VALUATIONS
650 _aRESIDENTIAL PROPERTY
_96266
650 _aValuation
_96273
690 _aRATING AND VALUATION
710 _aIncorporated Society of Valuers and Auctioneers
_91201
942 _n0
948 _c04/03/1997
999 _c90936
_d90936